Vida pública y ciudadanía en América Latina /

El presente ensayo tiene por objetivo revisar la evolución de los espacios públicos en América Latina y su relación con la cuidadanía. El espacio público se refiere a diversas esferas de encuentro, donde se construyen relaciones sociales de confianza y de reconocimiento de una multiplicidad de sujet...

Fuld beskrivelse

Guardado en:
Bibliografiske detaljer
Hovedforfatter: Vázquez Calero, Federico
Format: Texto
Fag:
Tags: Tilføj Tag
Ingen Tags, Vær først til at tagge denne postø!

MARC

LEADER 00000 a a2200000 04500
001 9672
003
040
100 |a Vázquez Calero, Federico  
245 |a Vida pública y ciudadanía en América Latina /  |c Federico Vázquez Calero 
520 |a El presente ensayo tiene por objetivo revisar la evolución de los espacios públicos en América Latina y su relación con la cuidadanía. El espacio público se refiere a diversas esferas de encuentro, donde se construyen relaciones sociales de confianza y de reconocimiento de una multiplicidad de sujetos, donde se ejercita el aprendizaje de la diferencia y se constuyen identidades sociales y culturales  
650 |a CUIDADANIA  
650 |a TEORIA  
650 |a INTEGRACION SOCIAL  
773 |g volumen 8, número 33; páginas 95-109  
999 |c 21645  |d 21645